| 000 | 00867cam a2200289 i 4500 | ||
|---|---|---|---|
| 001 | 847974 | ||
| 003 | PILC | ||
| 005 | 20151020101626.0 | ||
| 008 | 780524s1979 ilua 000 0aeng | ||
| 010 | _a 78017935 | ||
| 020 |
_a0802422756 _c$5.95 |
||
| 040 |
_aDLC _cDLC _dDLC |
||
| 043 | _an-us--- | ||
| 050 | 0 | 0 |
_aBV 3680.N52 _b.St877 1979 |
| 082 | 0 | 0 |
_aGS 266.023092 _bV36d 1979 |
| 100 | 1 |
_aVan Stone, Doris. _921577 |
|
| 245 | 1 | 0 |
_aDorie : the girl nobody loved / _cDoris Van Stone with Erwin Lutzer. |
| 260 |
_aChicago : _bMoody Press, _cc1979. |
||
| 300 |
_a158 p. : _bill. ; _c22 cm. |
||
| 562 | _e1 | ||
| 600 | 1 | 0 |
_aVan Stone, Doris. _921578 |
| 650 | 0 |
_aMissionaries _zNew Guinea _xBiography. _921579 |
|
| 700 | 1 |
_aLutzer, Erwin W., _ejoint author. _921580 |
|
| 906 |
_a7 _bcbc _corignew _d1 _eocip _f19 _gy-gencatlg |
||
| 942 |
_2lcc _cBK |
||
| 999 |
_c12061 _d12061 |
||